Prologue star wars IV - Statistiques

Statistiques générales
  • Ce quiz a été pris 161 fois
  • Le résultat moyen est 51 sur 111
Statistiques - réponses
Réponse % Correct
l'
98%
d'
95%
le
94%
A
93%
à
93%
de
86%
la
84%
Empire
80%
Empire :
80%
Empire,
80%
et
80%
un
76%
les
70%
une
70%
Etoile
69%
Mort,
69%
Leia
67%
des
64%
galaxie...
63%
vaisseau
58%
arme
57%
guerre
57%
princesse
57%
plans
52%
dans
50%
Rebelles
48%
rebelles
48%
pour
46%
son
45%
planète
44%
sa
44%
C'est
43%
Galactique.
42%
sur
34%
secrets
31%
bord
29%
par
29%
qui
29%
Au
28%
spatiale
28%
base
27%
ont
27%
station
27%
leur
25%
réussi
23%
époque
22%
civile.
21%
dérober
20%
tout
20%
bataille,
18%
puissant
18%
volés
18%
vaisseaux
17%
entière.
16%
sauver
16%
maléfique
15%
absolue
14%
annihiler
14%
espions
14%
liberté
14%
assez
13%
cachée,
13%
cours
13%
Poursuivie
12%
victoire
12%
peuple
11%
première
11%
spatiaux
10%
vers
10%
partir
9%
sbires
9%
ennemi
8%
sinnistres
8%
blindée
7%
dotée
7%
emporté
7%
file
7%
opérant
7%
restaurer
7%
cosmique,
5%
équipement
5%
porteuse
5%
pourront
4%
Aucun quiz correspondant
Distribution des résultats
% des personnes avec chaque résultat
Percentile par nombre de réponses
Votre historique - résultats
Vous n’avez pas pris ce quiz